|
|
|
|
| LEADER |
01095nam a2200337 4500 |
| 001 |
000004357 |
| 003 |
496 |
| 005 |
20121211001220.0 |
| 008 |
110719s2005 viesd |
| 020 |
|
|
|c 50500
|
| 041 |
0 |
|
|a vie
|
| 082 |
|
|
|a 840.9
|b PHA
|
| 100 |
1 |
|
|a Phan Quý
|e chủ biên
|
| 245 |
1 |
0 |
|a Lịch sử văn học Pháp
|b Trung cổ - thế kỉ XVI và thế kỉ XVII
|c Phan Quý, Đỗ Đức Hiểu
|n Tập 1
|
| 250 |
|
|
|a Tái bản có bổ sung và sửa chữa
|
| 260 |
|
|
|a H.
|b Đại học quốc gia
|c 2005
|
| 300 |
|
|
|a 503 tr.
|c 20.5 cm.
|
| 500 |
|
|
|a ĐTTS ghi : Đại học quốc gia Hà Nội. Trường đại học khoa học xã hội và nhân văn
|
| 653 |
|
|
|a Văn học Pháp
|
| 653 |
|
|
|a Nghiên cứu văn học
|
| 700 |
1 |
|
|a Đỗ Đức Hiểu
|e chủ biên
|
| 773 |
|
|
|t Nhà văn Việt Nam
|w 482
|
| 910 |
|
|
|a Thi
|d 19/7/2011
|
| OWN |
|
|
|a LSP
|
| 999 |
|
|
|a From the UDN01
|
| TYP |
|
|
|a Monograph
|
| TYP |
|
|
|a Printed language
|
| 980 |
|
|
|a Mạng thư viện Đại học Đà Nẵng
|